Every 100k+ City in South America on a Map [2025] (by urban area) - Statistics

General Stats
  • This quiz has been taken 49 times
    37 since last reset
  • The average score is 130 of 477
Answers on the Map
Answers color-coded by a green-red scale on the quiz's map according to % correct below.
 
Answer Stats
Country Region (if applicable) Population City % Correct
Brazil Rio de Janeiro 10,571,444 Rio de Janeiro
90%
Paraguay 1,958,866 Asunción
80%
Argentina 16,560,966 Buenos Aires
80%
Venezuela Capital 3,212,081 Caracas
80%
Argentina 1,749,650 Córdoba
80%
Peru 534,573 Cusco
80%
Ecuador 3,351,573 Guayaquil
80%
Peru 11,670,089 Lima
80%
Brazil Amazonas 2,461,218 Manaus
80%
Bolivia 2,010,755 Nuestra Señora de La Paz
80%
Ecuador 2,583,898 Quito
80%
Chile 7,102,137 Santiago
80%
Brazil São Paulo 20,591,015 São Paulo
80%
Colombia 2,178,160 Barranquilla - Soledad
70%
Brazil Minas Gerais 4,643,547 Belo Horizonte
70%
Colombia 9,609,902 Bogotá
70%
Brazil Distrito Federal 3,197,097 Brasilia
70%
Brazil São Paulo 2,342,930 Campinas
70%
Bolivia 1,499,361 Cochabamba
70%
Brazil Paraná 2,692,837 Curitiba
70%
Guyana 276,812 Georgetown
70%
Brazil Goiás 2,485,793 Goiânia
70%
Venezuela Zulia 2,312,067 Maracaibo
70%
Colombia 2,795,406 Medellín
70%
Uruguay 1,538,661 Montevideo
70%
Brazil Rio Grande do Norte 996,121 Natal
70%
Suriname 401,938 Paramaribo
70%
Brazil Rio Grande do Sul 2,323,324 Porto Alegre
70%
Brazil Pernambuco 3,450,721 Recife
70%
Brazil Bahia 3,317,786 Salvador
70%
Argentina 579,174 San Juan
70%
Venezuela Llanos 148,195 San Juan de los Morros
70%
Argentina 1,099,472 San Miguel de Tucumán
70%
Bolivia 2,141,335 Santa Cruz de la Sierra
70%
Colombia 3,519,693 Santiago de Cali
70%
Venezuela Central 1,822,401 Valencia
70%
Chile 1,026,896 Valparaíso
70%
Brazil Goiás 504,206 Valparaiso de Goias - Gama - Novo Gama
70%
Chile 396,003 Antofagasta
60%
Peru 1,153,175 Arequipa
60%
Venezuela Centro-Occidental 1,131,824 Barquisimeto
60%
Brazil Pará 2,267,915 Belem
60%
France Guiana 103,268 Cayenne
60%
Peru 735,089 Chiclayo
60%
Ecuador 451,666 Cuenca
60%
Brazil Santa Catarina 1,021,361 Florianopolis
60%
Argentina 274,385 Formosa
60%
Brazil Goiás 120,584 Formosa
60%
Brazil Ceará 3,514,824 Fortaleza
60%
Chile 346,891 Iquique
60%
Chile 509,398 La Serena
60%
Ecuador 292,686 Manta
60%
Venezuela Central 1,128,493 Maracay
60%
Argentina 1,257,683 Mendoza
60%
Argentina 448,471 Neuquén
60%
Argentina 1,520,374 Rosario
60%
Argentina 385,223 San Salvador de Jujuy
60%
Bolivia 314,815 Sucre
60%
Peru 1,109,216 Trujillo
60%
Colombia 117,839 Villa del Rosario
60%
Brazil Sergipe 971,535 Aracaju
50%
Chile 183,810 Arica
50%
Venezuela Oriental 798,068 Barcelona
50%
Colombia 1,035,094 Bucaramanga
50%
Peru 257,698 Cajamarca
50%
Chile 212,164 Chillán
50%
Venezuela Guayana 434,291 Ciudad Bolívar
50%
Chile 751,779 Concepción
50%
Argentina 429,922 Corrientes
50%
Brazil Mato Grosso 928,932 Cuiaba
50%
Ecuador 183,577 Esmeraldas
50%
Peru 483,346 Huancayo
50%
Peru 447,198 Iquitos
50%
Argentina 956,280 La Plata
50%
Argentina 248,357 La Rioja
50%
Chile 168,624 Los Ángeles
50%
Argentina 699,828 Mar del Plata
50%
Bolivia 381,656 Oruro
50%
Argentina 297,024 Paraná
50%
Peru 585,467 Piura
50%
Brazil Rondônia 516,568 Porto Velho
50%
Bolivia 262,358 Potosí
50%
Chile 230,613 Puerto Montt
50%
Chile 360,832 Rancagua
50%
Argentina 480,750 Resistencia
50%
Argentina 778,335 Salta
50%
Argentina 239,228 San Luis
50%
Brazil Rio Grande do Sul 282,402 Santa Maria
50%
Argentina 441,375 Santiago del Estero
50%
Ecuador 369,161 Santo Domingo de los Colorados
50%
Brazil São Paulo 1,162,176 Santos - São Vicente - Guarujá
50%
Brazil Maranhão 1,196,568 São Luís
50%
Peru 360,774 Tacna
50%
Chile 297,672 Talca
50%
Bolivia 260,540 Tarija
50%
Chile 347,805 Temuco
50%
Brazil Minas Gerais 730,654 Uberlândia
50%
Chile 168,374 Valdivia
50%
Brazil Espírito Santo 2,017,004 Vitoria - Serra - Vila Velha
50%
Peru 249,182 Ayacucho
40%
Argentina 308,689 Bahía Blanca
40%
Brazil Roraima 470,155 Boa Vista
40%
Chile 164,930 Calama
40%
Colombia 970,111 Cartagena de Indias
40%
Peru 408,654 Chimbote
40%
Paraguay 465,509 Ciudad del Este
40%
Venezuela Guayana 877,496 Ciudad Guayana
40%
Argentina 252,817 Comodoro Rivadavia
40%
Chile 189,491 Copiapó
40%
Venezuela Centro-Occidental 247,776 Coro
40%
Peru 228,567 Huánuco
40%
Peru 139,616 Huaraz
40%
Peru 352,873 Ica
40%
Brazil Paraíba 1,184,483 Joao Pessoa
40%
Peru 341,191 Juliaca
40%
Brazil Paraná 722,082 Londrina
40%
Venezuela Capital 244,283 Los Teques
40%
Brazil Alagoas 1,116,174 Maceió
40%
Ecuador 299,720 Machala
40%
Venezuela Oriental 560,284 Maturín
40%
Colombia 639,622 Pereira - Dosquebradas
40%
Colombia 296,842 Popayán
40%
Peru 372,800 Pucallpa
40%
Peru 139,162 Puno
40%
Chile 129,665 Punta Arenas
40%
Brazil São Paulo 792,416 Ribeirão Preto
40%
Brazil Acre 410,450 Rio Branco
40%
Argentina 188,190 Rio Cuarto
40%
Argentina 137,454 Río Gallegos
40%
Brazil São Paulo 124,637 Salto
40%
Uruguay 115,730 Salto
40%
Argentina 240,176 San Fernando del Valle de Catamarca
40%
Colombia 832,582 San José de Cúcuta
40%
Colombia 342,858 San Juan de Pasto
40%
Argentina 601,805 Santa Fe de la Vera Cruz
40%
Argentina 128,192 Santa Rosa de Toay
40%
Peru 183,663 Tarapoto
40%
Brazil Piauí 1,038,482 Teresina
40%
Brazil Goiás 418,340 Anapolis
30%
Colombia 311,405 Armenia
30%
Venezuela Andino 366,305 Barinas
30%
Colombia 255,806 Buenaventura
30%
Brazil Paraíba 433,661 Campina Grande
30%
Brazil Mato Grosso do Sul 956,865 Campo Grande
30%
Brazil Paraná 335,554 Cascavel
30%
Brazil Maranhão 133,051 Caxias
30%
Chile 178,929 Chiguayante
30%
Peru 227,233 Chincha Alta
30%
Argentina 119,205 Ciudad de Libertado General don Jose de San Martín
30%
Chile 111,121 Colina
30%
Chile 147,260 Coronel
30%
Chile 166,124 Curicó
30%
Brazil Bahia 621,567 Feira de Santana
30%
Brazil Paraná 256,513 Foz do Iguaçu
30%
Brazil São Paulo 375,351 Franca
30%
Peru 170,387 Huacho
30%
Colombia 520,194 Ibagué
30%
Ecuador 174,051 Ibarra
30%
Brazil Santa Catarina 636,552 Joinville
30%
Ecuador 116,618 La Libertad
30%
Bolivia 134,603 La Santísima Trinidad
30%
Uruguay 114,715 Las Piedras
30%
Ecuador 208,367 Loja
30%
Brazil Amapá 551,937 Macapá
30%
Uruguay 107,826 Maldonado
30%
Colombia 446,955 Manizales
30%
Brazil Paraná 583,684 Maringá
30%
Colombia 407,513 Montería
30%
Bolivia 141,970 Montero
30%
Brazil Minas Gerais 417,112 Montes Claros
30%
Brazil Toncantins 199,398 Palmas
30%
Brazil Rio Grande do Sul 335,538 Pelotas
30%
Brazil Rio de Janeiro 295,941 Petropolis
30%
Ecuador 265,850 Portoviejo
30%
Argentina 412,477 Posadas
30%
Chile 144,463 Quillota
30%
Argentina 107,258 Rafaela
30%
Argentina 115,562 Reconquista
30%
Chile 141,911 San Antonio
30%
Argentina 172,892 San Antonio de Padua de la Concordia
30%
Venezuela Central 117,578 San Carlos de Austria
30%
Argentina 145,663 San Carlos de Bariloche
30%
Venezuela Andino 392,204 San Cristóbal
30%
Venezuela Centro-Occidental 189,162 San Felipe
30%
Argentina 162,346 San Nicolás de los Arroyos
30%
Argentina 145,776 San Rafael
30%
Colombia 527,837 Santa Marta
30%
Brazil Pará 221,601 Santarem
30%
Brazil Rio de Janeiro 1,966,289 Sao Goncalo
30%
Brazil São Paulo 494,669 São José do Rio Preto
30%
Brazil São Paulo 1,018,057 São José dos Campos
30%
Colombia 293,702 Sincelejo
30%
Brazil São Paulo 875,155 Sorocaba
30%
Peru 229,674 Sullana
30%
Argentina 119,649 Trelew
30%
Brazil Minas Gerais 347,300 Uberaba
30%
Colombia 548,591 Valledupar
30%
Argentina 114,755 Villa María
30%
Argentina 139,231 Villa Mercedes
30%
Colombia 502,051 Villavicencio
30%
Brazil Bahia 320,039 Vitoria da Conquista
30%
Ecuador 241,024 Ambato
20%
Brazil São Paulo 456,178 Americana - Santa Bárbara d'Oeste
20%
Ecuador 105,340 Babahoyo
20%
Colombia 193,479 Barrancabermeja
20%
Brazil Bahia 155,515 Barreiras
20%
Brazil São Paulo 395,694 Bauru
20%
Brazil Santa Catarina 411,187 Blumenau
20%
Venezuela Zulia 310,883 Cabimas
20%
Brazil Rio de Janeiro 460,346 Campos dos Goytacazes
20%
Colombia 138,246 Cartago
20%
Brazil Pernambuco 349,040 Caruaru
20%
Brazil Rio Grande do Sul 541,966 Caxias do Sul
20%
Brazil Santa Catarina 230,884 Chapeco
20%
Uruguay 123,954 Ciudad de la Costa
20%
Brazil Mato Grosso do Sul 129,994 Corumba
20%
Venezuela Oriental 408,550 Cumaná
20%
Brazil Minas Gerais 252,967 Divinópolis
20%
Venezuela Oriental 313,316 El Tigre
20%
Paraguay 116,512 Encarnación
20%
Brazil Bahia 109,406 Eunapolis
20%
Colombia 176,682 Florencia
20%
Venezuela Capital 442,654 Guarenas - Guatire
20%
Brazil Maranhão 259,214 Imperatriz
20%
Brazil São Paulo 269,526 Indaiatuba
20%
Brazil Minas Gerais 336,489 Ipatinga
20%
Brazil Rio de Janeiro 141,536 Itaguaí
20%
Brazil Santa Catarina 231,518 Itajai
20%
Brazil São Paulo 402,362 Itaquaquecetuba
20%
Brazil Ceará 321,565 Juazeiro do Norte
20%
Brazil Minas Gerais 600,816 Juiz de Fora
20%
Brazil São Paulo 652,910 Jundiaí
20%
Venezuela Capital 238,030 La Guaira
20%
Ecuador 100,148 Latacunga
20%
Venezuela Central 171,341 La Victoria
20%
Paraguay 153,874 Limpio
20%
Argentina 111,530 Luján
20%
Colombia 140,699 Madrid
20%
Ecuador 177,904 Milagro
20%
Brazil São Paulo 445,124 Mogi das Cruzes
20%
Brazil Rio Grande do Norte 301,423 Mossoró
20%
Colombia 362,197 Neiva
20%
Brazil Rio de Janeiro 170,766 Nova Friburgo
20%
Brazil Rio Grande do Sul 577,792 Novo Hamburgo - São Leopoldo
20%
Argentina 101,177 Olavarría
20%
Chile 156,737 Osorno
20%
Peru 104,949 Paita
20%
Colombia 265,038 Palmira
20%
Argentina 102,066 Pergamino
20%
Brazil Pernambuco 487,223 Petrolina - Juazeiro
20%
Brazil São Paulo 427,392 Piracicaba
20%
Venezuela Insular 301,862 Porlamar
20%
Argentina 112,166 Presidencia Roque Sáenz Peña
20%
Brazil São Paulo 247,984 Presidente Prudente
20%
Argentina 128,609 Puerto Madryn
20%
Peru 106,389 Puerto Maldonado
20%
Venezuela Centro-Occidental 292,847 Punto Fijo
20%
Ecuador 191,913 Quevedo
20%
Colombia 120,482 Quibdó
20%
Ecuador 197,321 Riobamba
20%
Brazil Rio Grande do Sul 209,381 Rio Grande
20%
Brazil Goiás 252,637 Rio Verde
20%
Brazil Mato Grosso 243,833 Rondonopolis
20%
Brazil Paraná 327,281 São José dos Pinhais
20%
Brazil Mato Grosso 138,791 Sinop
20%
Peru 101,921 Talara
20%
Argentina 139,262 Tandil
20%
Brazil São Paulo 383,979 Taubaté
20%
Brazil Paraná 135,363 Toledo
20%
Ecuador 126,503 Tumbaco
20%
Peru 124,121 Tumbes
20%
Brazil Minas Gerais 116,859 Ubá
20%
Brazil Rio Grande do Sul 120,549 Uruguaiana
20%
Brazil Rondônia 103,351 Vilhena
20%
Brazil Pará 101,499 Abaetetuba
10%
Venezuela Centro-Occidental 354,418 Acarigua-Araure
10%
Colombia 103,295 Aguachica
10%
Brazil Goiás 243,536 Aguas Lindas de Goiás
10%
Brazil Bahia 141,487 Alagoinhas
10%
Brazil Paraná 123,550 Almirante Tamandaré
10%
Brazil Pará 109,425 Altamira
10%
Brazil Rio de Janeiro 190,727 Angra dos Reis
10%
Colombia 142,607 Apartadó
10%
Brazil Paraná 136,343 Apucarana
10%
Brazil São Paulo 201,756 Araçatuba
10%
Brazil Espírito Santo 100,305 Aracruz
10%
Brazil Toncantins 191,212 Araguaina
10%
Brazil Minas Gerais 111,989 Araguari
10%
Brazil Alagoas 218,840 Arapiraca
10%
Brazil Paraná 142,979 Arapongas
10%
Brazil São Paulo 259,159 Araraquara
10%
Brazil São Paulo 136,593 Araras
10%
Brazil Rio de Janeiro 168,370 Araruama
10%
Brazil Minas Gerais 109,203 Araxá
10%
Brazil São Paulo 106,784 Assis
10%
Brazil São Paulo 139,240 Atibaia
10%
Brazil Rio Grande do Sul 109,113 Bagé
10%
Brazil Santa Catarina 167,800 Balneario Camboriu
10%
Brazil Minas Gerais 132,952 Barbacena
10%
Brazil Rio de Janeiro 100,476 Barra do Pirai
10%
Brazil Rio de Janeiro 186,301 Barra Mansa
10%
Brazil São Paulo 122,282 Barretos
10%
Brazil Rio Grande do Sul 127,974 Bento Gonçalves
10%
Brazil São Paulo 130,334 Birigui
10%
Brazil São Paulo 151,815 Botucatu
10%
Brazil São Paulo 166,897 Bragança Paulista
10%
Brazil Santa Catarina 150,924 Brusque
10%
Brazil Pernambuco 177,902 Cabo de Santo Agostinho
10%
Brazil Rio de Janeiro 227,200 Cabo Frio
10%
Venezuela Centro-Occidental 209,846 Cabudare
10%
Brazil Espírito Santo 204,960 Cachoeiro de Itapemirim
10%
Venezuela Central 144,617 Cagua
10%
Brazil São Paulo 108,506 Caieiras
10%
Venezuela Llanos 150,032 Calabozo
10%
Brazil Goiás 102,025 Caldas Novas
10%
Brazil Bahia 284,705 Camaçari
10%
Argentina 102,978 Campana
10%
Brazil Paraná 113,972 Campo Largo
10%
Brazil São Paulo 129,842 Caraguatatuba
10%
Venezuela Centro-Occidental 128,351 Carora
10%
Venezuela Oriental 163,951 Carúpano
10%
Brazil Pará 197,066 Castanhal
10%
Brazil Goiás 111,822 Catalão
10%
Brazil São Paulo 129,937 Catanduva
10%
Venezuela Capital 260,779 Catia La Mar
10%
Colombia 147,291 Chía
10%
Colombia 122,274 Ciénaga
10%
Venezuela Zulia 221,260 Ciudad Ojeda
10%
Colombia 103,699 Ciudad Santiago de Arma de Rionegro
10%
Brazil Espírito Santo 116,385 Colatina
10%
Brazil Minas Gerais 132,635 Conselheiro Lafaiete
10%
Brazil Minas Gerais 111,953 Coronel Fabriciano
10%
Brazil São Paulo 282,262 Cotia
10%
Brazil Ceará 115,321 Crato
10%
Brazil Santa Catarina 328,043 Criciuma
10%
Venezuela Capital 179,642 Cúa
10%
Brazil São Paulo 137,927 Cubatão
10%
Brazil Mato Grosso do Sul 222,278 Dourados
10%
Colombia 113,931 Duitama
10%
Venezuela Andino 127,387 Ejido
10%
Venezuela Andino 114,581 El Vigía
10%
Brazil São Paulo 294,974 Embu das Artes
10%
Brazil Rio Grande do Sul 103,033 Erechim
10%
Colombia 159,855 Facatativá
10%
Brazil Paraná 100,990 Fazenda Rio Grande
10%
Brazil São Paulo 345,142 Francisco Morato - Franco da Rocha
10%
Colombia 146,434 Fusagasugá
10%
Brazil Pernambuco 130,209 Garanhuns
10%
Argentina 106,407 General Roca
10%
Colombia 145,034 Girardot
10%
Brazil Minas Gerais 277,961 Governador Valadares
10%
Brazil Rio Grande do Sul 419,288 Gravataí
10%
Colombia 120,299 Guadalajara de Buga
10%
Venezuela Centro-Occidental 188,438 Guanare
10%
Brazil Espírito Santo 125,147 Guarapari
10%
Brazil Paraná 172,007 Guarapuava
10%
Brazil São Paulo 156,287 Guaratinguetá
10%
Brazil Pernambuco 116,791 Igarassu
10%
Brazil Bahia 127,620 Ilheus
10%
Brazil Minas Gerais 115,629 Itabira
10%
Brazil Bahia 218,834 Itabuna
10%
Brazil São Paulo 110,409 Itanhaém
10%
Brazil São Paulo 188,944 Itapecerica da Serra
10%
Brazil São Paulo 154,389 Itapetininga
10%
Brazil São Paulo 114,469 Itatiba
10%
Brazil São Paulo 159,844 Itu
10%
Brazil Minas Gerais 103,659 Ituiutaba
10%
Brazil Goiás 109,921 Itumbiara
10%
Colombia 146,812 Jamundí
10%
Brazil Rio de Janeiro 110,527 Japeri
10%
Brazil Santa Catarina 201,962 Jaragua do Sul
10%
Brazil Goiás 100,477 Jatai
10%
Brazil São Paulo 153,837 Jaú
10%
Brazil Bahia 144,051 Jequie
10%
Brazil Rondônia 121,787 Ji-Parana
10%
Brazil Santa Catarina 153,582 Lages
10%
Brazil Rio Grande do Sul 101,218 Lajeado
10%
Brazil Minas Gerais 106,098 Lavras
10%
Brazil São Paulo 106,767 Leme
10%
Brazil São Paulo 325,895 Limeira
10%
Brazil Espírito Santo 161,599 Linhares
10%
Colombia 106,831 Los Patios
10%
Brazil Goiás 178,847 Luziânia
10%
Brazil Rio de Janeiro 277,463 Macae
10%
Brazil Rio de Janeiro 242,023 Magé
10%
Colombia 148,429 Maicao
10%
Colombia 138,935 Malambo
10%
Brazil Pará 249,906 Marabá
10%
Brazil Ceará 105,615 Maranguape
10%
Brazil Rio de Janeiro 182,388 Maricá
10%
Brazil São Paulo 247,533 Marília
10%
Venezuela Andino 321,419 Mérida
10%
Brazil São Paulo 152,652 Mogi Guaçu
10%
Colombia 277,736 Mosquera - Funza
10%
Brazil Minas Gerais 102,881 Muriaé
10%
Brazil Minas Gerais 101,846 Nova Lima
10%
Brazil Minas Gerais 110,530 Nova Serrana
10%
Colombia 118,505 Ocaña
10%
Venezuela Capital 139,699 Ocumare del Tuy
10%
Brazil São Paulo 117,463 Ourinhos
10%
Brazil Maranhão 100,091 Paço do Lumiar
10%
Venezuela Central 134,109 Palo Negro
10%
Brazil Paraná 157,858 Paranaguá
10%
Brazil Pará 221,600 Parauapebas
10%
Brazil Piauí 157,102 Parnaíba
10%
Brazil Rio Grande do Norte 331,193 Parnamirim
10%
Brazil Rio Grande do Sul 207,931 Passo Fundo
10%
Brazil Minas Gerais 112,810 Passos
10%
Brazil Paraíba 107,612 Patos
10%
Brazil Minas Gerais 145,583 Patos de Minas
10%
Brazil Bahia 103,182 Paulo Afonso
10%
Paraguay 130,440 Pedro Juan Caballero
10%
Colombia 162,807 Piedecuesta
10%
Brazil São Paulo 175,398 Pindamonhangaba
10%
Brazil Goiás 120,396 Planaltina
10%
Brazil Minas Gerais 170,273 Poços de Caldas
10%
Brazil Paraná 372,772 Ponta Grossa
10%
Brazil Bahia 125,239 Porto Seguro
10%
Brazil Minas Gerais 151,876 Pouso Alegre
10%
Brazil São Paulo 542,280 Praia Grande
10%
Venezuela Guayana 124,249 Puerto Ayacucho
10%
Venezuela Central 204,015 Puerto Cabello
10%
Brazil Rio de Janeiro 135,126 Resende
10%
Brazil Minas Gerais 356,837 Ribeirão das Neves
10%
Brazil São Paulo 129,984 Ribeirão Pires
10%
Brazil São Paulo 222,532 Rio Claro
10%
Brazil Rio de Janeiro 194,898 Rio das Ostras
10%
Colombia 203,687 Riohacha
10%
Brazil Minas Gerais 138,768 Sabará
10%
Venezuela Llanos 166,871 San Fernando de Apure
10%
Colombia 161,951 San Juan de Girón
10%
Brazil Pernambuco 123,484 Santa Cruz do Capibaribe
10%
Brazil Rio Grande do Sul 125,700 Santa Cruz do Sul
10%
Venezuela Capital 132,522 Santa Lucía
10%
Brazil Amapá 131,810 Santana
10%
Venezuela Capital 112,995 Santa Teresa del Tuy
10%
Brazil São Paulo 266,995 São Carlos
10%
Brazil Espírito Santo 103,247 Sao Mateus
10%
Brazil Rio de Janeiro 108,219 Sao Pedro da Aldeia
10%
Brazil São Paulo 110,434 São Sebastião
10%
Brazil Goiás 138,060 Senador Canedo
10%
Brazil São Paulo 129,103 Sertãozinho
10%
Brazil Minas Gerais 247,259 Sete Lagoas
10%
Brazil Bahia 129,776 Simões Filho
10%
Brazil Ceará 188,016 Sobral
10%
Colombia 116,962 Sogamoso
10%
Brazil Mato Grosso 103,752 Tangara da Serra
10%
Brazil Toncantins 143,325 Taquaralto
10%
Brazil São Paulo 122,941 Tatuí
10%
Brazil Bahia 166,324 Teixeira de Freitas
10%
Brazil Minas Gerais 116,969 Teófilo Otoni
10%
Brazil Rio de Janeiro 168,275 Teresopolis
10%
Venezuela Central 108,967 Tinaquillo
10%
Brazil Mato Grosso do Sul 126,230 Três Lagoas
10%
Brazil Goiás 137,691 Trindade
10%
Brazil Santa Catarina 111,879 Tubarão
10%
Venezuela Guayana 118,362 Tucupita
10%
Brazil Pará 119,829 Tucuruí
10%
Colombia 216,874 Tuluá
10%
Colombia 195,324 Tunja
10%
Brazil Paraná 109,349 Umuarama
10%
Venezuela Guayana 105,001 Upata
10%
Colombia 140,803 Uribia
10%
Venezuela Andino 197,657 Valera
10%
Venezuela Llanos 133,523 Valle de la Pascua
10%
Brazil Minas Gerais 139,719 Varginha
10%
Brazil Rio Grande do Sul 247,382 Viamão
10%
Brazil Pernambuco 128,907 Vitória de Santo Antão
10%
Brazil Rio de Janeiro 336,075 Volta Redonda
10%
Venezuela Centro-Occidental 107,259 Yaritagua
10%
Colombia 189,892 Yopal
10%
Argentina 145,042 Zárate
10%
Colombia 147,285 Zipaquirá
10%
Venezuela Oriental 140,276 Anaco
0%
Venezuela Capital 196,291 Charallave
0%
Venezuela Central 118,473 Mariara
0%
Venezuela Andino 162,956 Táriba
0%
No matching quizzes found
Score Distribution
Percent of People with Each Score
Percentile by Number Answered
Your Score History
You have not taken this quiz since the last reset